000
00301nam a22001337a 4500
082
_a
823
_b
BOR/F
100
_a
BOURGOLSE, PANLETTE
100
_a
BREND
245
_a
FRANKLIN SCHOOL PLAY
260
_a
NEW YORK
_b
SCHOLASTIC
_c
1996
300
_a
20
650
_a
ENGLISH STORY
_z
UNITED STATES
942
_c
BK
999
_c
7496
_d
7496